[Event "ch-FRA Blitz Online Qual"]
[Site "Europe-Chess INT"]
[Date "2020.05.16"]
[Round "13"]
[White "Schippke, Manon"]
[Black "Grosse, Ludovic"]
[Result "0-1"]
[WhiteElo "1873"]
[BlackElo "1958"]
[WhiteFideId "45100446"]
[BlackFideId "26045842"]
[EventDate "2020.05.16"]

1. e4 c5 2. Nf3 d6 3. g3 Nc6 4. Bg2 Nf6 5. d3 g6 6. O-O Bg7 7. Re1 O-O 8. c3 a6
9. h3 Qc7 10. d4 b5 11. Nbd2 e5 12. d5 Ne7 13. b3 Ne8 14. c4 f5 15. Rb1 h6 16.
Bb2 Kh7 17. Rc1 f4 18. Nf1 g5 19. N1h2 fxg3 20. fxg3 Ng6 21. Nf1 g4 22. hxg4
Bxg4 23. Ne3 Qd7 24. Rf1 Bh3 25. Bxh3 Qxh3 26. Kf2 Nf6 27. Qd3 Ng4+ 28. Nxg4
Qxg4 29. Rg1 Rf7 30. Rcf1 Rxf3+ 31. Qxf3 Rf8 32. Qxf8 Nxf8 33. Ke3 Ng6 34. cxb5
axb5 35. Bc3 h5 36. Bd2 Bh6+ 37. Kd3 Bxd2 38. Kxd2 Qxe4 39. Rh1 Qxd5+ 40. Kc2
Qe4+ 41. Kc3 Kh6 42. Rh2 Qe3+ 43. Kb2 Qd4+ 44. Kc2 Qe4+ 45. Kb2 Qe3 46. Rfh1 Qg5
47. a4 bxa4 48. bxa4 e4 49. a5 Qe5+ 50. Kc2 Qxg3 51. Rxh5+ Kg7 52. Rh7+ Kf6 53.
a6 Qc3+ 54. Kd1 Qb3+ 55. Ke1 Qb4+ 56. Kd1 Qa4+ 57. Ke1 Qxa6 58. Rf1+ Ke5 59.
Rhf7 Qa1+ 60. Ke2 Qb2+ 61. Ke1 Qc1+ 62. Ke2 Qc2+ 63. Ke1 e3 64. Rg7 Qd2# 0-1

[Event "ch-FRA Blitz Online Qual"]
[Site "Europe-Chess INT"]
[Date "2020.05.16"]
[Round "13"]
[White "Perrin, Antoine"]
[Black "Hassler, Tim"]
[Result "1-0"]
[WhiteElo "1967"]
[BlackElo "1933"]
[WhiteFideId "45127255"]
[BlackFideId "36052566"]
[EventDate "2020.05.16"]

1. e4 e6 2. d4 d5 3. exd5 exd5 4. Nf3 Bd6 5. c4 c6 6. c5 Bc7 7. Bd3 Bg4 8. O-O
Nd7 9. Re1+ Ne7 10. Nc3 O-O 11. Bg5 f6 12. Bh4 Ng6 13. Bg3 Bxg3 14. hxg3 Re8 15.
Qc2 Kf7 16. Nh4 Nxh4 17. gxh4 g6 18. Ne2 Bxe2 19. Rxe2 f5 20. g3 Nf6 21. b4 a6
22. a4 Rxe2 23. Qxe2 Ne4 24. Bxe4 dxe4 25. Qc4+ Qd5 26. Qxd5+ cxd5 27. Kf1 Ke7
28. Ke2 Kd7 29. Ke3 h6 30. Kf4 Ke6 31. Rc1 Rc8 32. b5 axb5 33. axb5 Kf6 34. Ra1
g5+ 35. hxg5+ hxg5+ 36. Ke3 Ke6 37. Ra7 Rb8 38. Kd2 f4 39. Ra1 Kd7 40. Rh1 Ra8
41. Rh7+ Ke6 42. Rxb7 Ra2+ 43. Kc3 Rxf2 44. gxf4 e3 45. Rb8 e2 46. Kd2 Rxf4 47.
Kxe2 Rxd4 48. c6 Kd6 49. Ke3 Rb4 50. Rd8+ Kc7 51. Rxd5 g4 52. Kf2 Kc8 53. Ke3 g3
54. Rg5 Rb3+ 55. Kd4 Kc7 56. Kc4 Rf3 57. Kc5 Rc3+ 58. Kb4 Rf3 59. Rg7+ Kc8 60.
b6 Rf6 61. Rg8+ Rf8 62. Rxf8# 1-0

[Event "ch-FRA Blitz Online Qual"]
[Site "Europe-Chess INT"]
[Date "2020.05.16"]
[Round "13"]
[White "Gretry, Patrice"]
[Black "Ratsavong, Moukda"]
[Result "1-0"]
[WhiteElo "2017"]
[BlackElo "1789"]
[WhiteFideId "624675"]
[BlackFideId "632872"]
[EventDate "2020.05.16"]

1. e4 c5 2. Nf3 Nc6 3. d4 cxd4 4. Nxd4 Nf6 5. Nc3 e6 6. a3 a6 7. Bd3 Nxd4 8. e5
Ng8 9. Bxh7 Nc6 10. Bxg8 Rxg8 11. Qh5 g6 12. Qe2 Qc7 13. f4 Nd4 14. Qd3 Nf5 15.
Ne4 Be7 16. Bd2 b5 17. Bb4 Bb7 18. g4 Nh4 19. O-O-O Bxe4 20. Qxe4 Qc6 21. Qe1
Ng2 22. Qd2 Bxb4 23. axb4 Nh4 24. Qf2 Rc8 25. Rhf1 Ng2 26. Rd2 Ne3 27. Qxe3 Rh8
28. Rfd1 Rh4 29. h3 Rh8 30. Kb1 Rd8 31. Rd6 Qc4 32. Qa7 Qc8 33. Rxa6 Rxh3 34.
Rad6 Rh2 35. c3 Re2 36. g5 Qc4 37. Rxd7 Qe4+ 38. Ka2 Ra8 39. Re7+ Kf8 40. Rxf7+
Kg8 41. Rg7+ Kh8 42. Rh7+ Kg8 43. Rg7+ Kh8 44. Rh7+ Kg8 45. Rd8+ Rxd8 46. Qg7# 1-0

[Event "ch-FRA Blitz Online Qual"]
[Site "Europe-Chess INT"]
[Date "2020.05.16"]
[Round "13"]
[White "Courbi, Stephane"]
[Black "Redjem, Mohamed"]
[Result "0-1"]
[WhiteElo "1955"]
[BlackElo "1777"]
[WhiteFideId "647462"]
[BlackFideId "20608128"]
[EventDate "2020.05.16"]

1. e4 d5 2. exd5 Qxd5 3. Nc3 Qa5 4. Bc4 c6 5. Nf3 Nf6 6. d3 Bg4 7. Bd2 e6 8. h3
Qh5 9. Qe2 Bxf3 10. gxf3 Be7 11. O-O-O Nbd7 12. Rhg1 g6 13. Rg5 Qh4 14. Rg3 Bd6
15. Bg5 Qh5 16. Bxe6 fxe6 17. Qxe6+ Be7 18. Re1 O-O-O 19. Rgg1 Rde8 20. Qb3 Bc5
21. Ne4 Nxe4 22. dxe4 Bxf2 0-1

[Event "ch-FRA Blitz Online Qual"]
[Site "Europe-Chess INT"]
[Date "2020.05.16"]
[Round "13"]
[White "Fischler, Oscar"]
[Black "Blachon, Pascal"]
[Result "1/2-1/2"]
[WhiteElo "1864"]
[BlackElo "1955"]
[WhiteFideId "45190186"]
[BlackFideId "636320"]
[EventDate "2020.05.16"]

1. Nf3 c5 2. c4 b6 3. g3 Bb7 4. Bg2 e6 5. O-O Nf6 6. Nc3 d6 7. b3 Nbd7 8. Bb2
Be7 9. d4 cxd4 10. Qxd4 a6 11. Rad1 Qc7 12. e4 O-O 13. h3 Rfd8 14. Rfe1 Bf8 15.
Qe3 Bc6 16. e5 dxe5 17. Nxe5 Bxg2 18. Kxg2 Qb7+ 19. Qf3 Qxf3+ 20. Nxf3 Nc5 21.
Rxd8 Rxd8 22. Rd1 Be7 23. Rxd8+ Bxd8 24. Ba3 Nd3 25. Bd6 Nd7 26. Kf1 f6 27. Ne1
N3c5 28. Ke2 Kf7 29. Nd3 Nb7 30. Ba3 Be7 31. Bxe7 Kxe7 32. Ke3 Nbc5 33. Nxc5
Nxc5 34. Kd4 Kd6 35. Ne4+ Nxe4 36. Kxe4 Kc5 37. a3 b5 38. cxb5 Kxb5 39. Kd4 Kb6
40. f4 h5 41. g4 hxg4 42. hxg4 Kb5 43. g5 Kb6 44. g6 Kb5 45. Ke4 Kc5 46. Kd3 Kd5
47. Ke3 Kc5 48. Ke4 Kc6 49. Kd4 Kb6 50. Kc4 Kc6 51. b4 Kb6 52. a4 Kc6 53. b5+
axb5+ 54. axb5+ Kb6 55. Kb4 e5 56. fxe5 fxe5 57. Kc4 e4 58. Kd4 e3 59. Kxe3 Kxb5
60. Kd4 Kc6 61. Ke5 Kd7 62. Kd5 Ke7 63. Ke5 Kd7 64. Kd5 Ke7 65. Ke5 Kd7 1/2-1/2

[Event "ch-FRA Blitz Online Qual"]
[Site "Europe-Chess INT"]
[Date "2020.05.16"]
[Round "13"]
[White "Partac, Elena"]
[Black "Rouast, Joseph"]
[Result "1-0"]
[WhiteTitle "WGM"]
[WhiteElo "2079"]
[BlackElo "1808"]
[WhiteFideId "13901001"]
[BlackFideId "45147000"]
[EventDate "2020.05.16"]

1. e4 c5 2. Nf3 d6 3. d4 cxd4 4. Qxd4 Nf6 5. c4 Nc6 6. Qe3 g6 7. Be2 Bg7 8. O-O
O-O 9. h3 a6 10. Nc3 Qc7 11. Bd2 e5 12. Rac1 Rd8 13. Rfd1 Qe7 14. Nd5 Qf8 15.
Qd3 Nxd5 16. cxd5 Ne7 17. Ba5 Rd7 18. Nd2 f5 19. f3 b6 20. Bxb6 Rb7 21. Bc7 fxe4
22. fxe4 Rxb2 23. Rf1 Qe8 24. Bxd6 Rxa2 25. Rc7 Bd7 26. Bxe7 Qxe7 27. d6 Qe6 28.
Rxd7 Qxd7 29. Qd5+ Kh8 30. Qxa8+ 1-0

[Event "ch-FRA Blitz Online Qual"]
[Site "Europe-Chess INT"]
[Date "2020.05.16"]
[Round "13"]
[White "Laville, Renaud"]
[Black "Roux, Baptiste"]
[Result "0-1"]
[WhiteElo "1774"]
[BlackElo "2145"]
[WhiteFideId "640247"]
[BlackFideId "36017450"]
[EventDate "2020.05.16"]

1. d4 d5 2. Bf4 Nf6 3. e3 e6 4. Nd2 c5 5. c3 Bd6 6. Bg3 O-O 7. Ngf3 Qc7 8. Ne5
Nfd7 9. f4 f6 10. Nef3 Nc6 11. Bd3 e5 12. fxe5 fxe5 13. Bxh7+ Kxh7 14. Ng5+ Kg8
15. Ne6 Qb6 16. Nxf8 Nxf8 17. O-O cxd4 18. e4 dxc3+ 19. Bf2 d4 20. Nc4 Qc5 21.
Nxd6 Qxd6 22. bxc3 Be6 23. cxd4 Nxd4 24. Rb1 b6 25. Qh5 Bf7 26. Qg4 Bc4 27. Rfd1
Rd8 28. Bxd4 exd4 29. Rbc1 Bxa2 30. Qe2 Bb3 31. Rd2 Ne6 32. e5 Qd5 33. Qg4 a5
34. Qg3 a4 35. Rf1 a3 36. Qf2 Rf8 37. Qe1 Rxf1+ 38. Qxf1 a2 39. Rf2 Qxe5 40. h3
d3 41. Qxd3 a1=Q+ 42. Rf1 Qc5+ 43. Kh1 Qad4 44. Qxb3 Qcd5 45. Qg3 Qd3 46. Qf2
Qxh3+ 47. Kg1 Qhh5 48. Ra1 Qc5 49. Ra8+ Kh7 50. Qxc5 Qxc5+ 51. Kh2 Qe5+ 52. g3
Qe2+ 53. Kh3 Ng5+ 54. Kh4 Kg6 55. Rd8 Qh5# 0-1

[Event "ch-FRA Blitz Online Qual"]
[Site "Europe-Chess INT"]
[Date "2020.05.16"]
[Round "13"]
[White "Khachatryan, Samvel S."]
[Black "Dubois, Herve"]
[Result "1-0"]
[WhiteElo "2179"]
[BlackElo "1836"]
[WhiteFideId "13309048"]
[BlackFideId "636460"]
[EventDate "2020.05.16"]

1. e4 c5 2. Nc3 d6 3. d3 Nf6 4. g3 Nc6 5. Bg2 e6 6. f4 Be7 7. Nf3 Bd7 8. O-O O-O
9. Be3 a6 10. h3 b5 11. Qd2 b4 12. Ne2 a5 13. Rae1 a4 14. g4 e5 15. g5 Nh5 16.
f5 Nd4 17. Bxd4 cxd4 18. h4 b3 19. cxb3 axb3 20. axb3 Qa5 21. b4 Qa6 22. Nh2 Bb5
23. Bf3 Nf4 24. Nxf4 exf4 25. Be2 f6 26. Rxf4 fxg5 27. Rg4 gxh4 28. Nf3 Bf6 29.
Nxh4 Ra7 30. Kh1 Rc7 31. Reg1 Qc8 32. Bd1 Qe8 33. Bb3+ Kh8 34. Ng6+ hxg6 35.
Qh2+ Bh4 36. Rxh4# 1-0

[Event "ch-FRA Blitz Online Qual"]
[Site "Europe-Chess INT"]
[Date "2020.05.16"]
[Round "13"]
[White "Gordon, James"]
[Black "Casas, Alexandre"]
[Result "1-0"]
[WhiteElo "1775"]
[BlackElo "1933"]
[WhiteFideId "45186154"]
[BlackFideId "45173451"]
[EventDate "2020.05.16"]

1. d4 Nf6 2. Nf3 e6 3. e3 b6 4. Bd3 Bb7 5. Nbd2 d5 6. O-O Bd6 7. b3 O-O 8. Bb2
Nbd7 9. Ne5 c5 10. f4 Ne4 11. Nxe4 dxe4 12. Bc4 Nf6 13. g4 a6 14. a4 Rb8 15. g5
Nd5 16. Qe2 a5 17. Rf2 f6 18. gxf6 Rxf6 19. Rg2 Qe8 20. Qg4 g6 21. Re1 cxd4 22.
Bxd4 Bc5 23. Bb5 Qe7 24. Bxc5 bxc5 25. Nd7 Rd8 26. Nxf6+ Qxf6 27. Qg5 Qf8 28. h4
Ne7 29. Bc4 Bd5 30. Be2 Rd7 31. Bb5 Rc7 32. Qe5 Qd8 33. c4 Bb7 34. Qxe6+ Kg7 35.
h5 Bc8 36. Qe5+ Kg8 37. hxg6 hxg6 38. Rh2 Kf8 39. Qf6+ Kg8 40. Rh8# 1-0

[Event "ch-FRA Blitz Online Qual"]
[Site "Europe-Chess INT"]
[Date "2020.05.16"]
[Round "13"]
[White "Cornileau, Juliette"]
[Black "Briand, Amaury"]
[Result "1-0"]
[WhiteElo "1872"]
[BlackElo "1929"]
[WhiteFideId "36083372"]
[BlackFideId "36054968"]
[EventDate "2020.05.16"]

1. d4 d5 2. c4 dxc4 3. e3 e5 4. Bxc4 exd4 5. exd4 Nf6 6. Nf3 Be7 7. O-O O-O 8.
Nc3 Bg4 9. h3 Bh5 10. Be3 Nc6 11. Be2 Re8 12. d5 Nb4 13. Bc4 a5 14. a3 Na6 15.
Be2 Bc5 16. Bxc5 Nxc5 17. Nd4 Bxe2 18. Ndxe2 Qd7 19. Nf4 Rad8 20. Qf3 Re5 21.
Rfd1 Nce4 22. Nxe4 Rxe4 23. Nh5 Re5 24. Nxf6+ gxf6 25. Qxf6 Rxd5 26. Rxd5 Qxd5
27. Re1 Qd6 28. Qg5+ Kh8 29. Qf5 Qg6 30. Qxa5 Rg8 31. Qe5+ f6 32. Qe4 Qf7 33.
Qxb7 Qd5 34. Qxd5 1-0

[Event "ch-FRA Blitz Online Qual"]
[Site "Europe-Chess INT"]
[Date "2020.05.16"]
[Round "13"]
[White "Ghazaryan, Gurgen"]
[Black "Coiffait, Pierre-Basile"]
[Result "0-1"]
[WhiteElo "1403"]
[BlackElo "2261"]
[WhiteFideId "45137609"]
[BlackFideId "20665342"]
[EventDate "2020.05.16"]

1. e4 e5 2. Nf3 Nc6 3. Bb5 a6 4. Ba4 g6 5. O-O Bg7 6. c3 Nge7 7. d4 exd4 8. cxd4
b5 9. Bc2 d6 10. Nc3 O-O 11. Re1 Bg4 12. h3 Bxf3 13. Qxf3 Nxd4 14. Qd3 Nxc2 15.
Qxc2 Nc6 16. Bf4 Nd4 17. Qd2 c5 18. Bh6 Re8 19. Bxg7 Kxg7 20. Rad1 Re5 21. f4
Re8 22. Re3 Qh4 23. Rf1 f5 24. e5 dxe5 25. fxe5 Qg5 26. Qd3 f4 27. Re4 f3 28. g4
Rxe5 29. Rxe5 Qxe5 30. Ne4 Re8 31. Nf2 Qg3+ 32. Kh1 Qg2# 0-1

[Event "ch-FRA Blitz Online Qual"]
[Site "Europe-Chess INT"]
[Date "2020.05.16"]
[Round "13"]
[White "Bernard, Louis"]
[Black "Lapitski, Yaroslav"]
[Result "0-1"]
[WhiteElo "1993"]
[BlackElo "1765"]
[WhiteFideId "36075191"]
[BlackFideId "13519468"]
[EventDate "2020.05.16"]

1. e4 c5 2. Nf3 Nc6 3. Bb5 Nf6 4. e5 Nd5 5. O-O e6 6. Bxc6 dxc6 7. d3 Be7 8. b3
O-O 9. Ba3 b5 10. c4 b4 11. cxd5 bxa3 12. dxc6 Qc7 13. Nxa3 Qxc6 14. Nc4 Ba6 15.
Qc2 Rfd8 16. Rac1 Qd5 17. Rfd1 Bb5 18. d4 Bxc4 19. bxc4 Qb7 20. dxc5 Bxc5 21.
Ng5 g6 22. Qc3 h6 23. Ne4 Qxe4 24. Qa5 Bb6 25. Qb5 Rd4 26. c5 Bc7 27. Re1 Qd5
28. Qe2 Ba5 29. Rf1 Rd2 30. Qb5 Bc7 31. Qb4 Rd4 32. Qc3 Rb8 33. f4 Rd3 34. Qc4
Qd4+ 35. Qxd4 Rxd4 36. c6 Bb6 37. Kh1 Rc8 38. Rc2 Kg7 39. g3 h5 40. Ra1 Rc7 41.
a4 Rd8 42. a5 Bd4 43. Rb1 Rdc8 44. Rbc1 a6 45. Rc4 Ba7 46. R1c2 Kf8 47. Kg2 Ke7
48. Kf3 Rb8 49. Ke4 Rb3 50. R2c3 Rb2 51. Rc2 Rb3 52. R2c3 Rxc3 53. Rxc3 f6 54.
Rc2 f5+ 55. Kd3 Rc8 56. Rc4 Rd8+ 57. Kc2 Rc8 58. Kb3 Bb8 59. Kb4 Bc7 60. Kc5 Rd8
61. Rc2 Rd5+ 62. Kb4 Rb5+ 63. Ka4 Rxa5+ 64. Kb4 Rb5+ 65. Ka4 Rd5 66. Kb4 a5+ 67.
Ka4 Rd4+ 68. Ka3 Rd3+ 69. Ka4 Rd4+ 70. Ka3 Rb4 71. Ka2 a4 72. Ka3 Rd4 73. Ka2 h4
74. Rc3 hxg3 75. hxg3 Rd2+ 76. Ka3 Ba5 77. c7 Bxc7 78. Rxc7+ Kd8 79. Rc3 Rd4 80.
Re3 Kd7 81. Kb2 Kc6 82. Kc3 Kd5 83. Kb2 Kc4 84. Rc3+ Kb4 85. Ra3 Rd2+ 0-1

[Event "ch-FRA Blitz Online Qual"]
[Site "Europe-Chess INT"]
[Date "2020.05.16"]
[Round "13"]
[White "Bernard, Mathis"]
[Black "Minde, Timothe"]
[Result "1-0"]
[WhiteElo "1880"]
[BlackElo "1075"]
[WhiteFideId "36075205"]
[BlackFideId "551015579"]
[EventDate "2020.05.16"]

1. e4 e6 2. d4 d5 3. Nc3 Bb4 4. e5 c5 5. a3 Ba5 6. b4 cxb4 7. Nb5 bxa3+ 8. c3
Bc7 9. Bxa3 Ne7 10. Bd6 Bb6 11. Bxe7 Qxe7 12. Nd6+ Kd8 13. f4 Bc7 14. Nb5 Bd7
15. Nxc7 Kxc7 16. Nf3 Nc6 17. Bd3 Rac8 18. O-O Kb8 19. Qb3 b6 20. Rfb1 Ka8 21.
Qxb6 Rb8 22. Qa6 Rxb1+ 23. Bxb1 Qe8 24. Bd3 Qc8 25. Qa3 Qc7 26. Nd2 Rb8 27. Nb3
Qb7 28. Nc5 Qc8 29. Ba6 Qc7 30. Bd3 Qc8 31. h4 g6 32. Kh2 h5 33. Kg3 Be8 34. Kf3
Bd7 35. g3 Be8 36. Ke3 Bd7 37. c4 dxc4 38. Be4 Rb7 39. Nxb7 Qxb7 40. Rb1 Qc7 41.
Qc5 c3 42. Qxc3 a6 43. Qc5 Qc8 44. Rb6 a5 45. Bxc6+ Bxc6 46. Rxc6 Qb7 47. Qxa5+
Kb8 48. Qd8+ Ka7 49. Rc7 Qxc7 50. Qxc7+ Ka6 51. Qxf7 Ka5 52. Qxe6 Kb4 53. Qxg6
Kb5 54. Qxh5 Kc6 55. Qf3+ Kd7 56. d5 Ke7 57. Kd4 Kd7 58. Kc5 Ke7 59. d6+ Kd8 60.
Kd5 Kd7 61. Qg4+ Kd8 62. Qg5+ Ke8 63. Qg6+ Kd8 64. Qf6+ Ke8 65. d7+ Kxd7 66.
Qe6+ Kd8 67. Qf7 Kc8 68. Qe7 Kb8 69. Qd7 Ka8 70. Kc6 Kb8 71. Qb7# 1-0

[Event "ch-FRA Blitz Online Qual"]
[Site "Europe-Chess INT"]
[Date "2020.05.16"]
[Round "13"]
[White "Sabapathee, Florian"]
[Black "Suez-Panama, Gilles"]
[Result "0-1"]
[WhiteElo "1444"]
[BlackElo "1943"]
[WhiteFideId "45195951"]
[BlackFideId "620165"]
[EventDate "2020.05.16"]

1. e4 e6 2. d4 d5 3. Nc3 Nf6 4. e5 Nfd7 5. f4 c5 6. Nf3 Nc6 7. Bb5 Be7 8. Bd2
O-O 9. Bxc6 bxc6 10. g4 cxd4 11. Nxd4 Qc7 12. Qf3 a5 13. a4 Ba6 14. O-O-O c5 15.
Nb3 Rab8 16. Kb1 d4 17. Ne4 Bb7 18. Bxa5 Qc6 19. Rhe1 Qxa4 20. Qh3 c4 21. Rxd4
Qb5 22. Nc3 Qc6 23. Nd2 Ba6 24. Qf3 Qc8 25. Ka1 Bc5 26. Rxc4 Bxc4 27. Nxc4 Ra8
28. Kb1 Qa6 29. Qd3 Nb6 30. Nxb6 Qxa5 31. Nxa8 Rxa8 32. Kc1 Rd8 33. Qb5 Qa1+ 34.
Nb1 Be3+ 35. Rxe3 Qa7 36. Rd3 Qg1+ 37. Kd2 Qf2+ 38. Kc3 Rc8+ 39. Kb3 Qxc2+ 40.
Kb4 Qxb1 41. Rb3 Qd1 42. Qd3 Qe1+ 43. Rc3 Rb8+ 44. Ka3 Qa1# 0-1

[Event "ch-FRA Blitz Online Qual"]
[Site "Europe-Chess INT"]
[Date "2020.05.16"]
[Round "13"]
[White "Denjoy, Arnaud"]
[Black "Flores, Victor"]
[Result "0-1"]
[WhiteElo "2166"]
[BlackElo "1741"]
[WhiteFideId "26071185"]
[BlackFideId "45133492"]
[EventDate "2020.05.16"]

1. c4 Nf6 2. Nf3 g6 3. Nc3 Bg7 4. g3 O-O 5. Bg2 d6 6. O-O e5 7. d3 Nbd7 8. b4
Nh5 9. Bb2 f5 10. a4 f4 11. a5 g5 12. a6 Rb8 13. axb7 Bxb7 14. Rxa7 g4 15. Rxb7
Rxb7 16. Nxe5 Ra7 17. Bd5+ Kh8 18. Nf7+ Rxf7 19. Bxf7 Ndf6 20. Nd5 c6 21. Nxf6
Nxf6 22. Bd4 Rxf7 23. gxf4 Nh5 24. Bf6 Qxf6 0-1

[Event "ch-FRA Blitz Online Qual"]
[Site "Europe-Chess INT"]
[Date "2020.05.16"]
[Round "13"]
[White "Rodriguez Rodriguez, Antonio"]
[Black "Barraud, Mickael"]
[Result "1-0"]
[WhiteTitle "FM"]
[WhiteElo "2112"]
[BlackElo "1733"]
[WhiteFideId "2219255"]
[BlackFideId "696137"]
[EventDate "2020.05.16"]

1. d4 d5 2. Bg5 Bf5 3. e3 Nc6 4. a3 Qd7 5. Nf3 e6 6. Bb5 Be7 7. Bf4 Nf6 8. Ne5
Qd8 9. Nxc6 bxc6 10. Bxc6+ Nd7 11. Bxa8 Qxa8 12. O-O O-O 13. c3 Qb7 14. b4 c6
15. Nd2 f6 16. Qb3 e5 17. Bg3 Bd3 18. Rfc1 e4 19. c4 f5 20. cxd5 cxd5 21. Rc7
Qb5 22. a4 Qxb4 23. Qxd5+ Kh8 24. Qxd7 Bf6 25. Be5 Qxd2 26. Bxf6 Rg8 27. Bxg7+
Rxg7 28. Qxg7# 1-0

[Event "ch-FRA Blitz Online Qual"]
[Site "Europe-Chess INT"]
[Date "2020.05.16"]
[Round "13"]
[White "Ferey, Antonin"]
[Black "Ibrouchene, Christophe"]
[Result "1-0"]
[WhiteElo "2138"]
[BlackElo "1797"]
[WhiteFideId "36051454"]
[BlackFideId "45110786"]
[EventDate "2020.05.16"]

1. d4 e5 2. dxe5 Nc6 3. Nf3 Qe7 4. g3 Nxe5 5. Nxe5 Qxe5 6. Bg2 Nf6 7. O-O d5 8.
Nc3 c6 9. e4 dxe4 10. Nxe4 Nxe4 11. Re1 f5 12. Bf4 Qe6 13. f3 Bc5+ 14. Be3 Bxe3+
15. Rxe3 O-O 16. fxe4 fxe4 17. Rxe4 Qf6 18. Qe2 Bf5 19. Rf1 Qxb2 20. Re7 Qxc2
21. Qe5 Rf6 22. Qc7 Qc5+ 23. Kh1 Rg6 24. Re5 Be6 25. Rxc5 1-0

[Event "ch-FRA Blitz Online Qual"]
[Site "Europe-Chess INT"]
[Date "2020.05.16"]
[Round "13"]
[White "Courjal, Pauline"]
[Black "Lardon, Quentin"]
[Result "0-1"]
[WhiteElo "1848"]
[BlackElo "2013"]
[WhiteFideId "45147841"]
[BlackFideId "36050407"]
[EventDate "2020.05.16"]

1. e4 c5 2. Nf3 Nc6 3. c3 g6 4. d4 cxd4 5. cxd4 Bg7 6. Nc3 d6 7. Bg5 Nf6 8. Qd2
a6 9. h4 h5 10. Bc4 O-O 11. a3 b5 12. Ba2 Bd7 13. Qd3 Rc8 14. e5 Bf5 15. Qe2
dxe5 16. dxe5 Ng4 17. Rd1 Qb6 18. O-O Ngxe5 19. Nxe5 Nxe5 20. Bxe7 Rfe8 21. Nd5
Qb7 22. Bf6 Bg4 23. f3 Nxf3+ 24. Qxf3 Bxf3 25. Rxf3 Kh8 26. Rdf1 Bxf6 27. Rxf6
Kg7 28. Rxf7+ Qxf7 29. Rxf7+ Kxf7 30. Nb6+ Kg7 31. Nxc8 Rxc8 32. Kh2 Rc2 33. Bd5
Rxb2 34. Bb7 a5 35. Ba6 Rb3 36. Kg1 Kf6 37. Kf2 Ke5 38. Ke2 Kf4 39. Kf2 Rb2+ 40.
Kg1 Kg3 41. Kf1 Kxh4 42. g3+ Kxg3 43. Ke1 b4 44. axb4 a4 45. Bc4 a3 46. b5 a2
47. Bxa2 Rxa2 48. b6 Kf3 49. b7 Rb2 50. Kd1 Rxb7 51. Kc1 h4 52. Kc2 h3 53. Kc1
h2 54. Kc2 h1=Q 55. Kc3 Qc1+ 56. Kd4 Rd7+ 57. Ke5 Qf4+ 58. Ke6 Qf5# 0-1

[Event "ch-FRA Blitz Online Qual"]
[Site "Europe-Chess INT"]
[Date "2020.05.16"]
[Round "13"]
[White "Randrianarimanana, Alicia"]
[Black "Ritzenthaler, Stephane"]
[Result "1-0"]
[WhiteElo "1971"]
[BlackElo "1988"]
[WhiteFideId "36034738"]
[BlackFideId "638080"]
[EventDate "2020.05.16"]

1. d4 Nf6 2. c4 c5 3. d5 b5 4. cxb5 a6 5. bxa6 Bxa6 6. g3 d6 7. Bg2 g6 8. Nc3
Bg7 9. Nf3 O-O 10. O-O Nbd7 11. Re1 Ng4 12. h3 Nge5 13. Nxe5 Nxe5 14. f4 Nc4 15.
e4 Qb6 16. Qc2 Rfb8 17. b3 Na5 18. Be3 Qb4 19. Rac1 c4 20. bxc4 Nxc4 21. Bf2 Qb2
22. Bf1 Qxc2 23. Rxc2 Na3 24. Rcc1 Rb2 25. Red1 Bxf1 26. Kxf1 Bxc3 27. Rxc3 Nb5
28. Rb3 Raxa2 29. Rxb2 Rxb2 30. Rc1 Kg7 31. Rc8 Rb4 32. e5 dxe5 33. fxe5 Re4 34.
Rb8 Nc7 35. d6 exd6 36. exd6 Ne6 37. d7 Ra4 38. d8=Q Nxd8 39. Rxd8 Ra1+ 40. Kg2
Ra3 41. Bd4+ Kh6 42. Rd7 f5 43. Bg7+ 1-0

[Event "ch-FRA Blitz Online Qual"]
[Site "Europe-Chess INT"]
[Date "2020.05.16"]
[Round "13"]
[White "Perez Marco, Ricardo"]
[Black "Hadida, Simon"]
[Result "1-0"]
[WhiteElo "2064"]
[BlackElo "1900"]
[WhiteFideId "2256401"]
[BlackFideId "45132925"]
[EventDate "2020.05.16"]

1. e4 c5 2. Nf3 Nc6 3. d4 cxd4 4. Nxd4 e5 5. Nxc6 bxc6 6. c4 Nf6 7. Nc3 Bb4 8.
Bd3 O-O 9. O-O Bxc3 10. bxc3 d5 11. cxd5 cxd5 12. exd5 Qxd5 13. Bg5 Bb7 14. f3
Qc5+ 15. Kh1 Qxc3 16. Bxf6 gxf6 17. Qb1 h6 18. Bh7+ Kg7 19. Qxb7 Kxh7 20. Qe4+
Kg7 21. Qg4+ Kh7 22. Qf5+ Kg7 23. Rac1 Qd2 24. Rc4 h5 25. Qxh5 Qh6 26. Rg4+ Kh7
27. Qf5+ Kh8 28. Rg3 1-0

[Event "ch-FRA Blitz Online Qual"]
[Site "Europe-Chess INT"]
[Date "2020.05.16"]
[Round "13"]
[White "Frazao, Thomas"]
[Black "Cuttoli, Alexandre"]
[Result "0-1"]
[WhiteElo "1719"]
[BlackElo "2044"]
[WhiteFideId "36083704"]
[BlackFideId "36007293"]
[EventDate "2020.05.16"]

1. e4 e5 2. Nf3 Nc6 3. d4 exd4 4. Bc4 Nf6 5. e5 d5 6. Bb5 Ne4 7. Nxd4 Bd7 8.
Bxc6 bxc6 9. O-O Be7 10. f3 Nc5 11. Be3 O-O 12. Nc3 Rb8 13. Nb3 Nxb3 14. axb3
Be6 15. Rxa7 c5 16. Bc1 c4 17. bxc4 Bc5+ 0-1

[Event "ch-FRA Blitz Online Qual"]
[Site "Europe-Chess INT"]
[Date "2020.05.16"]
[Round "13"]
[White "Lavanant, Alexandre"]
[Black "Shved, Jakov"]
[Result "1-0"]
[WhiteElo "1937"]
[BlackElo "1667"]
[WhiteFideId "654949"]
[BlackFideId "45178194"]
[EventDate "2020.05.16"]

1. d4 d5 2. Bg5 Nf6 3. Bxf6 gxf6 4. c4 c6 5. e3 Bg7 6. Nc3 Nd7 7. cxd5 cxd5 8.
Nxd5 Qa5+ 9. Nc3 Nb6 10. Nf3 Nd5 11. Qa4+ Qxa4 12. Nxa4 Nb4 13. Kd2 Bf5 14. a3
Nd5 15. Nc3 Nxc3 16. bxc3 O-O 17. Bd3 Bd7 18. Rab1 b6 19. Rhc1 Rac8 20. Rb2 Bc6
21. h3 e5 22. dxe5 fxe5 23. Bb5 Rfd8+ 24. Ke2 e4 25. Nd4 Bxd4 26. exd4 Bxb5+ 27.
Rxb5 Rxd4 28. cxd4 Rxc1 29. Ke3 Rc3+ 30. Kxe4 Rxa3 31. d5 Ra2 32. Rb3 a5 33. d6
Re2+ 34. Kd3 Re6 35. Rxb6 a4 36. d7 Rxb6 37. d8=Q+ Kg7 38. Qxb6 a3 39. Qa5 a2
40. Qxa2 f6 41. Qb2 h6 42. h4 h5 43. Qb7+ Kg6 44. Ke4 f5+ 45. Kf4 Kf6 46. Qc6+
Kf7 47. Kxf5 Kg7 48. Qd7+ Kh8 49. Kg6 Kg8 50. Qg7# 1-0

[Event "ch-FRA Blitz Online Qual"]
[Site "Europe-Chess INT"]
[Date "2020.05.16"]
[Round "13"]
[White "Cleran, Anthony"]
[Black "Briand, Maxime"]
[Result "1-0"]
[WhiteElo "1933"]
[BlackElo "1662"]
[WhiteFideId "626066"]
[BlackFideId "651016397"]
[EventDate "2020.05.16"]

1. e4 c5 2. Nc3 d6 3. f4 Nc6 4. Nf3 e6 5. Bb5 Bd7 6. O-O Be7 7. d3 Nf6 8. Bxc6
Bxc6 9. Qe1 O-O 10. Bd2 Qb6 11. b3 Rac8 12. Kh1 d5 13. e5 Nd7 14. Qg3 g6 15. Qh3
c4 16. d4 cxb3 17. axb3 Bb4 18. Ng5 h5 19. g4 Kg7 20. gxh5 Rh8 21. Nxe6+ fxe6
22. Qxe6 Qxd4 23. Qxg6+ Kf8 24. h6 Ke7 25. Qg7+ Ke6 26. f5# 1-0